00209nam a2200073Ia 4500008004100000100002400041245006000065260001000125120527s9999 xx 000 0 und d aOlajire A. A. etal. aIntroductory physical chemistry ( University series A ) bOgfat